Kuduna journal of sociology (KJS) (Record no. 38477)

MARC details
000 -LEADER
fixed length control field 00464nam a2200169Ia 4500
022 ## - INTERNATIONAL STANDARD SERIAL NUMBER
ISSN 23607734
050 ## - CALL MARK
Classification number HM 19 .K33/
245 #0 - TITLE STATEMENT
Title Kuduna journal of sociology (KJS)
260 ## - PUBLICATION, DISTRIBUTION, ETC. (IMPRINT)
Place of publication Kaduna, Nigeria
260 ## - PUBLICATION, DISTRIBUTION, ETC. (IMPRINT)
Name of publisher Association for Education in Journalism and Mass Communication
260 ## - PUBLICATION, DISTRIBUTION, ETC. (IMPRINT)
Year of publication 2017
300 ## - PHYSICAL DESCRIPTION
Number of Pages vi, 214 p. ; 24 cm.
650 ## - SUBJECT ADDED ENTRY--TOPICAL TERM
Topical Term Sociology--History.
942 ## - ADDED ENTRY ELEMENTS (KOHA)
Koha item type Serials

No items available.